Normal view MARC view

Entry Topical Term

Number of records used in: 1

001 - CONTROL NUMBER

  • control field: 27354

003 - CONTROL NUMBER IDENTIFIER

  • control field: OSt

005 - DATE AND TIME OF LATEST TRANSACTION

  • control field: 20210915152008.0

008 - FIXED-LENGTH DATA ELEMENTS

  • fixed length control field: 210915|| aca||aabn | a|a d

040 ## - CATALOGING SOURCE

  • Original cataloging agency: OSt
  • Transcribing agency: OSt

150 ## - HEADING--TOPICAL TERM

  • Topical term or geographic name entry element: Bargaining Theory, Matching theory, Allocative efficiency, Cost-benefit analysis

670 ## - SOURCE DATA FOUND

  • Source citation: Work cat.: (OSt)517617: Abdulkadiroğlu, Atila, et al 27353, Efficiency, justified envy, and incentives in priority-based matching

Powered by Koha